[Event "XVI Weekend B"]
[Site "Campodarsego ITA"]
[Date "2005.01.22"]
[Round "3"]
[White "Castellano, Alfonso"]
[Black "Marini, Lucio"]
[Result "1-0"]
[WhiteElo "1883"]
[BlackElo "1560"]
[PlyCount "83"]
[EventDate "2005.01.21"]

1. c4 e6 2. g3 Nf6 3. Bg2 d5 4. Nf3 Be7 5. O-O Nbd7 6. b3 c6 7. Bb2 Qc7 8. Nc3
O-O 9. Rc1 dxc4 10. bxc4 Rd8 11. Qc2 Nf8 12. d4 Qb8 13. e4 Ng6 14. e5 Ne8 15.
h4 h6 16. h5 Nf8 17. Qe4 a5 18. d5 f5 19. Qd3 exd5 20. cxd5 cxd5 21. Nxd5 Kh8
22. Nd4 Rxd5 23. Bxd5 Qxe5 24. Nc6 Qd6 25. Nxe7 Qxe7 26. Ba3 Qf6 27. Qe3 Ne6
28. Rxc8 Rxc8 29. Qxe6 Qxe6 30. Bxe6 Rc3 31. Be7 f4 32. gxf4 Nc7 33. Bf5 Kg8
34. Rd1 Kf7 35. Bh4 Kf8 36. Rd8+ Kf7 37. Bg6+ Ke6 38. f5+ Ke5 39. Bg3+ Kf6 40.
Kg2 b5 41. Rd7 Na8 42. Bf4 1-0

[Event "XVI Weekend B"]
[Site "Campodarsego ITA"]
[Date "2005.01.22"]
[Round "3"]
[White "Colusso, Enrico"]
[Black "Morello, Franco"]
[Result "1-0"]
[WhiteElo "1712"]
[BlackElo "1448"]
[PlyCount "53"]
[EventDate "2005.01.21"]

1. c4 e6 2. b3 d5 3. cxd5 exd5 4. Bb2 Nf6 5. e3 c5 6. d4 Nc6 7. dxc5 Bxc5 8.
Nf3 Bb4+ 9. Nbd2 Bg4 10. Be2 Ne4 11. O-O Nxd2 12. Nxd2 Bxe2 13. Qxe2 O-O 14.
Nf3 Bd6 15. Rfd1 Re8 16. Qb5 Qc7 17. Qxd5 Rad8 18. Qg5 Ne5 19. Bxe5 Rxe5 20.
Nxe5 f6 21. Qf5 fxe5 22. Qe6+ Kh8 23. Rac1 Qb8 24. Rxd6 Re8 25. Qd5 h6 26. Rd7
Rc8 27. Rxc8+ 1-0

[Event "XVI Weekend B"]
[Site "Campodarsego ITA"]
[Date "2005.01.22"]
[Round "3"]
[White "Dal Bo, Francesco"]
[Black "Bassetto, Silvano"]
[Result "0-1"]
[WhiteElo "1470"]
[BlackElo "1514"]
[PlyCount "104"]
[EventDate "2005.01.21"]

1. e4 e5 2. Nf3 Nc6 3. Nc3 Nf6 4. Bc4 Be7 5. O-O O-O 6. a3 a6 7. d3 d6 8. Nd5
Nxd5 9. exd5 Nb8 10. h3 b5 11. Ba2 c5 12. dxc6 Nxc6 13. Be3 Bb7 14. Bd5 Rb8 15.
c3 Qc7 16. Bg5 Bxg5 17. Nxg5 Nd8 18. Qf3 Qe7 19. Bxb7 Nxb7 20. Qh5 h6 21. Nf3
Nc5 22. d4 Nb3 23. Rae1 f6 24. Qg6 Qf7 25. Qe4 Rfe8 26. dxe5 dxe5 27. Qc6 Re6
28. Qd5 Na5 29. Rd1 Rbe8 30. Rd3 e4 31. b4 Nc4 32. Rd4 exf3 33. Rxc4 bxc4 34.
Qxc4 fxg2 35. Kxg2 Qb7+ 36. Kh2 Qb5 37. Qxb5 axb5 38. Ra1 Re2 39. Kg2 Rc2 40.
a4 bxa4 41. Rxa4 Rxc3 42. h4 Re2 43. b5 Rb3 44. Ra8+ Kh7 45. Rb8 Rbb2 46. b6
Rxf2+ 47. Kg3 Rfd2 48. Kf4 Rb4+ 49. Kf5 Rdb2 50. h5 Rxb6 51. Rd8 R6b5+ 52. Kf4
Ra5 0-1

[Event "XVI Weekend B"]
[Site "Campodarsego ITA"]
[Date "2005.01.22"]
[Round "3"]
[White "Frascati, Francesco"]
[Black "Baldi, Giancarlo"]
[Result "1/2-1/2"]
[WhiteElo "1550"]
[BlackElo "1760"]
[PlyCount "81"]
[EventDate "2005.01.21"]

1. e4 e5 2. Nf3 Nc6 3. Bc4 Bc5 4. Nc3 Nf6 5. d3 d6 6. Bg5 h6 7. Bxf6 Qxf6 8.
Nd5 Qd8 9. c3 O-O 10. d4 exd4 11. cxd4 Bb6 12. O-O Bg4 13. Nxb6 axb6 14. Be2
Qf6 15. e5 dxe5 16. dxe5 Qf4 17. h3 Bxf3 18. Bxf3 Qxe5 19. Bxc6 bxc6 20. Qc2 c5
21. Rfe1 Qf6 22. a3 Rfe8 23. Rad1 Rxe1+ 24. Rxe1 Rd8 25. Re3 Qd6 26. Qe4 Qd4
27. Qe7 Rd7 28. Qe8+ Kh7 29. Re4 Qd5 30. Re3 f6 31. Rg3 Qf7 32. Qe4+ Kg8 33.
Re3 Rd1+ 34. Kh2 Qd7 35. Qg6 Kf8 36. Qh7 Rd2 37. Qh8+ Kf7 38. Rg3 Ke6 39. Qg8+
Kf5 40. Qh7+ Ke6 41. Qg8+ 1/2-1/2

[Event "XVI Weekend B"]
[Site "Campodarsego ITA"]
[Date "2005.01.22"]
[Round "3"]
[White "Menin, Massimo"]
[Black "Favero, Graziano"]
[Result "1-0"]
[WhiteElo "1538"]
[BlackElo "1751"]
[PlyCount "111"]
[EventDate "2005.01.21"]

1. e4 d6 2. d4 Nf6 3. Bd3 g6 4. Bg5 Bg7 5. Nd2 O-O 6. Ngf3 Nc6 7. c3 h6 8. Bh4
e5 9. d5 Ne7 10. h3 Nh5 11. g3 Qe8 12. Bxe7 Qxe7 13. Qc2 c6 14. c4 cxd5 15.
cxd5 f5 16. O-O-O Bd7 17. Kb1 Rac8 18. Qb3 Nf6 19. Nh4 Qe8 20. f3 Ba4 21. Qa3
Bxd1 22. Rxd1 fxe4 23. fxe4 Rd8 24. Nc4 Qd7 25. Nxg6 Rf7 26. g4 Kh7 27. Nh4 b5
28. Na5 Ng8 29. Nf5 Rb8 30. Nc6 Rb7 31. Qxd6 Qe8 32. Qd8 Nf6 33. Qxe8 Nxe8 34.
Nd8 Bf8 35. Nxf7 Rxf7 36. Bxb5 Nd6 37. Nxd6 Bxd6 38. Rf1 Rb7 39. Bc6 Rb4 40.
Rf6 Bc5 41. d6 Be3 42. d7 Rd4 43. a3 Bg5 44. Rf5 Kg7 45. Rxe5 Bf6 46. Rd5 Rxd5
47. Bxd5 Kf8 48. e5 Bd8 49. e6 Ke7 50. b4 Kd6 51. Ba2 a5 52. bxa5 Bxa5 53. Kc2
Ke7 54. Kd3 Bc7 55. Ke4 Bd6 56. a4 1-0

[Event "XVI Weekend B"]
[Site "Campodarsego ITA"]
[Date "2005.01.22"]
[Round "3"]
[White "Mihalcea, Vasile"]
[Black "Demiraj, Rumi"]
[Result "0-1"]
[WhiteElo "1661"]
[BlackElo "1967"]
[PlyCount "21"]
[EventDate "2005.01.21"]

1. e4 Nf6 2. Bc4 d5 3. exd5 Nxd5 4. Qh5 Be6 5. d3 c6 6. Nc3 Nf6 7. Qc5 Bxc4 8.
Qxc4 e6 9. Bg5 Be7 10. Nf3 O-O 11. O-O-O {...} 0-1

[Event "XVI Weekend B"]
[Site "Campodarsego ITA"]
[Date "2005.01.22"]
[Round "3"]
[White "Omeri, Silvan"]
[Black "Chiesa, Roberto"]
[Result "1-0"]
[WhiteElo "1600"]
[BlackElo "1709"]
[PlyCount "73"]
[EventDate "2005.01.21"]

1. d4 Nf6 2. c4 c6 3. Nc3 d5 4. e3 a6 5. Nf3 Bg4 6. c5 Nbd7 7. Qb3 Qc7 8. Bd2
Rb8 9. Na4 e5 10. Nb6 e4 11. Ng1 Nxb6 12. Ba5 Nfd7 13. a3 Be6 14. Ne2 Qc8 15.
Bxb6 Be7 16. Nc3 O-O 17. Kd2 Nxc5 18. Bxc5 Bxc5 19. dxc5 d4 20. Qb4 dxc3+ 21.
Qxc3 Rd8+ 22. Ke1 Qd7 23. Be2 Bd5 24. h4 Qe6 25. f3 Qg6 26. Kf2 h5 27. Rh3 Qh6
28. b4 g6 29. Rg3 Kh7 30. Rd1 Re8 31. Rg5 Qg7 32. Qc2 Re6 33. f4 Qf6 34. g4 Qg7
35. gxh5 Kh6 36. hxg6 Rxg6 37. Rh5# 1-0

[Event "XVI Weekend B"]
[Site "Campodarsego ITA"]
[Date "2005.01.22"]
[Round "3"]
[White "Palumbo, Giuseppe"]
[Black "Tomio, Dante"]
[Result "0-1"]
[WhiteElo "1652"]
[BlackElo "1891"]
[PlyCount "31"]
[EventDate "2005.01.21"]

1. e4 c5 2. Nf3 d6 3. d4 cxd4 4. Nxd4 Nf6 5. Nc3 g6 6. Bc4 Bg7 7. Be3 O-O 8. f3
Nc6 9. Qd2 Bd7 10. h4 Rc8 11. Bd3 h5 12. O-O-O Ne5 13. f4 Nc4 14. Bxc4 Rxc4 15.
f5 Ng4 16. Rdf1 0-1

[Event "XVI Weekend B"]
[Site "Campodarsego ITA"]
[Date "2005.01.22"]
[Round "3"]
[White "Quaranta, Gaetano"]
[Black "De Nardi, Riccardo"]
[Result "0-1"]
[WhiteElo "1751"]
[BlackElo "1546"]
[PlyCount "99"]
[EventDate "2005.01.21"]

1. e4 c5 2. d4 cxd4 3. c3 dxc3 4. Nxc3 d6 5. Nf3 Nc6 6. Bc4 g6 7. e5 Bg7 8. Ng5
Nxe5 9. Bb3 e6 10. Nb5 Qa5+ 11. Nc3 d5 12. Bd2 Nd3+ 13. Kf1 Nc5 14. Nxd5 Qa6+
15. Kg1 exd5 16. Bxd5 Ne6 17. Ne4 Ne7 18. Bc4 b5 19. Bxb5+ Qxb5 20. Nd6+ Kf8
21. Nxb5 Bxb2 22. Bh6+ Bg7 23. Bxg7+ Kxg7 24. h3 Rd8 25. Qf3 Ba6 26. Nd6 Ng5
27. Qf4 f6 28. Ne4 Nd5 29. Qg4 h5 30. Qh4 Ne6 31. Rd1 Nef4 32. Nc5 g5 33. Ne6+
Kh6 34. Nxf4 Nxf4 35. Rxd8 Rxd8 36. Qxf4 Rd1+ 37. Kh2 Rxh1+ 38. Kxh1 gxf4 39.
f3 Kg5 40. Kh2 Kh4 41. a3 Bb7 42. Kg1 Kg3 43. Kf1 Bxf3 44. gxf3 Kxf3 45. a4 a5
46. h4 f5 47. Kg1 Ke2 48. Kh2 f3 49. Kh3 f2 50. Kh2 0-1

[Event "XVI Weekend B"]
[Site "Campodarsego ITA"]
[Date "2005.01.22"]
[Round "3"]
[White "Scarangella, Luca"]
[Black "Caverzan, Leonardo"]
[Result "0-1"]
[WhiteElo "1497"]
[BlackElo "1482"]
[PlyCount "110"]
[EventDate "2005.01.21"]

1. d4 Nf6 2. c4 g6 3. Nc3 Bg7 4. Nf3 d6 5. e3 Nbd7 6. Bd3 O-O 7. O-O Re8 8. Bd2
e5 9. dxe5 Nxe5 10. Nxe5 Rxe5 11. Nb5 d5 12. Bc3 Re7 13. Nd4 Rd7 14. Qb3 c5 15.
Ne2 dxc4 16. Bxc4 a6 17. Qc2 b5 18. Bb3 c4 19. Ba4 bxa4 20. Qxa4 Ne4 21. Bxg7
Kxg7 22. Qxc4 Nd2 23. Qc3+ Kg8 24. Rfe1 Bb7 25. Qb4 Rb8 26. Qf4 Rc8 27. Nc3 Nc4
28. Rab1 Nxb2 29. Ne2 Nd3 30. Qa4 Nxe1 31. Rxe1 Qc7 32. h3 Qc6 33. Qg4 Qe6 34.
Qa4 Rdc7 35. a3 h5 36. Qa5 Rc5 37. Qb4 Rb5 38. Qf4 Qe5 39. Qh4 Qg5 40. Qxg5
Rxg5 41. Nf4 Rc3 42. Rb1 Rb5 43. Ra1 Rcb3 44. Kh2 Rb1 45. Ra2 R5b2 46. Rxb2
Rxb2 47. Kg3 Ra2 48. Nd3 Rxa3 49. Nc5 Bc6 50. Nxa6 Rxa6 51. Kh2 Ra2 52. Kg3 h4+
53. Kxh4 Bxg2 54. f4 Bxh3 55. Kxh3 Ra3 0-1

[Event "XVI Weekend B"]
[Site "Campodarsego ITA"]
[Date "2005.01.23"]
[Round "4"]
[White "Bassetto, Silvano"]
[Black "Cusella, Flaviano"]
[Result "0-1"]
[WhiteElo "1514"]
[BlackElo "1452"]
[PlyCount "88"]
[EventDate "2005.01.21"]

1. e4 e5 2. Nf3 Nf6 3. Bc4 Nxe4 4. Qe2 d5 5. Bd3 Nc6 6. O-O Qe7 7. Bxe4 dxe4 8.
Qxe4 Bd7 9. d3 O-O-O 10. Nc3 f6 11. Qe1 Bg4 12. Nd2 Nd4 13. f3 Bf5 14. Nde4
Nxc2 15. Qe2 Nxa1 16. Be3 Qd7 17. Rd1 Qc6 18. Rxa1 Bxe4 19. dxe4 Bc5 20. h3 Rd6
21. Nd5 Bxe3+ 22. Qxe3 Qa6 23. Ne7+ Kb8 24. Kh2 Qb6 25. Qe2 c6 26. Nf5 Rd7 27.
b3 g6 28. Ne3 Qc7 29. g4 Rhd8 30. Rd1 Rxd1 31. Nxd1 Qd7 32. Ne3 Qd2 33. Qxd2
Rxd2+ 34. Kg3 Rxa2 35. Nc4 Kc7 36. h4 b5 37. Ne3 Rb2 38. g5 fxg5 39. hxg5 Rxb3
40. Ng4 Kd6 41. Nf6 Ke6 42. Nxh7 Rd3 43. Nf8+ Kf7 44. Nh7 b4 0-1

[Event "XVI Weekend B"]
[Site "Campodarsego ITA"]
[Date "2005.01.23"]
[Round "4"]
[White "Chiesa, Roberto"]
[Black "Frascati, Francesco"]
[Result "1-0"]
[WhiteElo "1709"]
[BlackElo "1550"]
[PlyCount "63"]
[EventDate "2005.01.21"]

1. f4 d5 2. Nf3 Nc6 3. e3 Bg4 4. Be2 Nf6 5. b3 Bxf3 6. Bxf3 e5 7. fxe5 Nxe5 8.
Bb2 Bd6 9. Nc3 Nxf3+ 10. Qxf3 c6 11. O-O Qc7 12. g3 O-O-O 13. Ne2 Kb8 14. d3
Rde8 15. Bd4 h5 16. h3 Rh6 17. c4 Rg6 18. Nf4 Rg5 19. c5 Bxf4 20. exf4 Rg6 21.
Be5 Rxe5 22. fxe5 Qxe5 23. Kg2 h4 24. g4 Nh5 25. Rae1 Qb2+ 26. Rf2 Qf6 27. Re8+
Kc7 28. Qxf6 gxf6 29. Re7+ Kd8 30. Rxf7 Kc8 31. Rh7 Ng3 32. Rxh4 1-0

[Event "XVI Weekend B"]
[Site "Campodarsego ITA"]
[Date "2005.01.23"]
[Round "4"]
[White "De Nardi, Riccardo"]
[Black "Grandesso, Emanuele"]
[Result "1/2-1/2"]
[WhiteElo "1546"]
[BlackElo "1729"]
[PlyCount "38"]
[EventDate "2005.01.21"]

1. e4 e5 2. Nf3 Nc6 3. d4 exd4 4. Bc4 h6 5. O-O d6 6. Nxd4 Nxd4 7. Qxd4 Bd7 8.
e5 Bc6 9. exd6 Qxd6 10. Re1+ Ne7 11. Qxd6 cxd6 12. Bf4 Rd8 13. Nc3 g5 14. Bg3
f5 15. f3 f4 16. Bf2 d5 17. Bd4 Rg8 18. Bd3 Bg7 19. Rad1 Kf7 1/2-1/2

[Event "XVI Weekend B"]
[Site "Campodarsego ITA"]
[Date "2005.01.23"]
[Round "4"]
[White "Demiraj, Rumi"]
[Black "Colusso, Enrico"]
[Result "1-0"]
[WhiteElo "1967"]
[BlackElo "1712"]
[PlyCount "67"]
[EventDate "2005.01.21"]

1. Nf3 Nf6 2. c4 g6 3. g3 Bg7 4. Bg2 O-O 5. O-O d5 6. b3 Ne4 7. d4 c5 8. Bb2
dxc4 9. bxc4 Qb6 10. Qb3 Qc7 11. e3 Nc6 12. Na3 Rd8 13. d5 Na5 14. Qc2 Bxb2 15.
Qxb2 Nd6 16. Nd2 e6 17. e4 exd5 18. exd5 Bf5 19. Rfe1 Re8 20. Re3 Re7 21. Rae1
Rxe3 22. fxe3 Qe7 23. Qc3 b6 24. e4 Re8 25. e5 Bc8 26. Nc2 Nf5 27. d6 Qd8 28.
Ne4 Kg7 29. e6+ f6 30. e7 Nxe7 31. Nxf6 Kf7 32. Nxe8 Nf5 33. Bd5+ Kf8 34. Qh8#
1-0

[Event "XVI Weekend B"]
[Site "Campodarsego ITA"]
[Date "2005.01.23"]
[Round "4"]
[White "Giordan, Daniele"]
[Black "Palumbo, Giuseppe"]
[Result "1-0"]
[WhiteElo "1732"]
[BlackElo "1652"]
[PlyCount "117"]
[EventDate "2005.01.21"]

1. e4 c5 2. Nc3 Nc6 3. g3 d6 4. Bg2 g6 5. d3 Bg7 6. Be3 a6 7. Qd2 Nf6 8. Bh6
O-O 9. Bxg7 Kxg7 10. h4 e6 11. Nf3 d5 12. e5 Nd7 13. h5 Rh8 14. hxg6 hxg6 15.
Rxh8 Qxh8 16. O-O-O Kf8 17. Rh1 Qg7 18. Qf4 Ndxe5 19. Ng5 Ke7 20. Rh7 Qf6 21.
Qh4 Nd8 22. Bxd5 Kd7 23. Nce4 Qf5 24. Bb3 Kc6 25. Qh1 Kc7 26. f4 Nec6 27. c3
Bd7 28. Qf3 b5 29. g4 Ne5 30. gxf5 Nxf3 31. Nxf3 gxf5 32. Nxc5 Bc6 33. Ne5 Kd6
34. Nxc6 Kxc6 35. d4 Kd6 36. Rh8 Rb8 37. Nxa6 Rc8 38. Nc5 Ke7 39. Nb7 Rb8 40.
Nxd8 Rxd8 41. Rxd8 Kxd8 42. a4 bxa4 43. Bxa4 f6 44. Kd2 Ke7 45. Ke3 Kd6 46. c4
e5 47. c5+ Kd5 48. dxe5 fxe5 49. fxe5 Kxe5 50. c6 Kd6 51. b4 Kc7 52. b5 Kb6 53.
Bc2 f4+ 54. Kxf4 Kc7 55. Ke5 Kd8 56. b6 Kc8 57. c7 Kb7 58. Bf5 Ka8 59. Be4# 1-0

[Event "XVI Weekend B"]
[Site "Campodarsego ITA"]
[Date "2005.01.23"]
[Round "4"]
[White "Morello, Franco"]
[Black "Castellano, Alfonso"]
[Result "0-1"]
[WhiteElo "1448"]
[BlackElo "1883"]
[PlyCount "64"]
[EventDate "2005.01.21"]

1. e4 c5 2. Nf3 d6 3. c3 Nf6 4. Be2 g6 5. O-O Bg7 6. d3 O-O 7. Nbd2 Nc6 8. d4
cxd4 9. cxd4 d5 10. exd5 Nxd5 11. Nb3 Qd6 12. Bc4 Nb6 13. Be2 Bf5 14. Re1 Nb4
15. a3 Nc2 16. Bd2 Nxa1 17. Bb4 Qc7 18. Qxa1 Nd5 19. Bd2 Nf4 20. Bf1 Nd3 21.
Rd1 Qb6 22. Qa2 Be6 23. Bb4 Nxb4 24. axb4 Qxb4 25. Rd3 Rac8 26. d5 Bf5 27. Re3
Rc2 28. Ne5 Rfc8 29. Qxa7 Bxe5 30. Rxe5 Qxb3 31. Rxe7 Qxd5 32. Rxb7 Rc1 0-1

[Event "XVI Weekend B"]
[Site "Campodarsego ITA"]
[Date "2005.01.23"]
[Round "4"]
[White "Pastrello, Michele"]
[Black "Scarangella, Luca"]
[Result "0-1"]
[WhiteElo "1413"]
[BlackElo "1497"]
[PlyCount "76"]
[EventDate "2005.01.21"]

1. e4 c6 2. Nc3 d5 3. d3 dxe4 4. dxe4 Qxd1+ 5. Nxd1 Nd7 6. Bc4 Ngf6 7. e5 Nxe5
8. Bb3 g6 9. Bf4 Ned7 10. Nh3 Bg7 11. Ng5 e6 12. h4 Nd5 13. Bg3 N7f6 14. f4 h6
15. f5 hxg5 16. fxg6 fxg6 17. c4 Nf4 18. Bc2 Nxg2+ 19. Kf2 Nxh4 20. Bc7 O-O 21.
Rg1 Nd5+ 22. Kg3 Nxc7 23. Kg4 Bh6 24. Rh1 e5+ 25. Kg3 Bf5 26. Bb3 Rad8 27. c5+
Kg7 28. Ne3 Rd3 29. Kf2 Nd5 30. Nxd5 cxd5 31. Rhe1 e4 32. Rac1 g4 33. c6 Bxc1
34. Rxc1 b6 35. c7 g3+ 36. Ke2 g2 37. Bc2 Bg4+ 38. Ke1 g1=Q# 0-1

[Event "XVI Weekend B"]
[Site "Campodarsego ITA"]
[Date "2005.01.23"]
[Round "4"]
[White "Pomaro, Alberto"]
[Black "Bonani, Georg"]
[Result "1/2-1/2"]
[WhiteElo "1757"]
[BlackElo "1892"]
[PlyCount "69"]
[EventDate "2005.01.21"]

1. d4 d5 2. c4 e6 3. Nc3 Nf6 4. Bg5 Be7 5. e3 c6 6. Nf3 Nbd7 7. Bd3 dxc4 8.
Bxc4 Nd5 9. Bxe7 Qxe7 10. Nxd5 exd5 11. Bd3 Nf6 12. O-O Bg4 13. a3 O-O 14. Qc2
Bxf3 15. gxf3 g6 16. Kh1 Rfe8 17. Rg1 Rad8 18. Rg5 Rd6 19. Rag1 Kf8 20. Qb1 Re6
21. b4 a6 22. Qf1 Qd6 23. Qc1 Ke7 24. Qc5 Nd7 25. Qxd6+ Kxd6 26. a4 Nb6 27. Ra1
Ra8 28. Rgg1 f5 29. f4 Nc4 30. Rgc1 b5 31. Rc2 Re7 32. Rca2 Rea7 33. a5 Re7 34.
Re2 Rae8 35. Rae1 1/2-1/2

[Event "XVI Weekend B"]
[Site "Campodarsego ITA"]
[Date "2005.01.23"]
[Round "4"]
[White "Sanavio, Giancarlo"]
[Black "Menin, Massimo"]
[Result "1-0"]
[WhiteElo "1685"]
[BlackElo "1538"]
[PlyCount "91"]
[EventDate "2005.01.21"]

1. Nf3 c5 2. c4 g6 3. d4 Bg7 4. d5 d6 5. Qc2 e6 6. dxe6 fxe6 7. Nc3 Ne7 8. g3
O-O 9. Bg2 Nbc6 10. O-O b6 11. Bg5 Bb7 12. Rad1 a6 13. Ne4 d5 14. cxd5 Nb4 15.
Qb1 Nbxd5 16. Nc3 Qc7 17. Nxd5 Bxd5 18. e4 Bc6 19. b4 Qb7 20. Rfe1 Bc3 21. Re2
Nf5 22. exf5 Bxf3 23. Bxf3 Qxf3 24. Qc2 Bd4 25. fxg6 Qf5 26. gxh7+ Kxh7 27.
bxc5 Qxc2 28. Rxc2 bxc5 29. Be7 Rf5 30. g4 Rd5 31. Re1 e5 32. Kg2 Re8 33. Bf6
Kg6 34. g5 e4 35. Bxd4 cxd4 36. h4 Re6 37. Kg3 d3 38. Rd2 Kh5 39. Re3 a5 40. f3
Rd4 41. fxe4 Rdxe4 42. Rxe4 Rxe4 43. Rxd3 a4 44. Rd5 Rxh4 45. g6+ Kxg6 46. Kxh4
1-0

[Event "XVI Weekend B"]
[Site "Campodarsego ITA"]
[Date "2005.01.23"]
[Round "4"]
[White "Tomio, Dante"]
[Black "Omeri, Silvan"]
[Result "0-1"]
[WhiteElo "1891"]
[BlackElo "1600"]
[PlyCount "58"]
[EventDate "2005.01.21"]

1. d4 Nf6 2. Nf3 e6 3. Bg5 c5 4. e3 Nc6 5. c3 Qc7 6. Bd3 a6 7. Nbd2 b5 8. Qe2
c4 9. Bc2 d5 10. e4 dxe4 11. Nxe4 Nd5 12. O-O h6 13. Bh4 f5 14. Nc5 Bxc5 15.
dxc5 O-O 16. Bg3 f4 17. Qe4 g5 18. h4 fxg3 19. hxg5 Qg7 20. fxg3 Ra7 21. gxh6
Qxh6 22. Kf2 Qd2+ 23. Kg1 Qe3+ 24. Rf2 Qxe4 25. Bxe4 Rg7 26. Kh2 Ne5 27. Rd1
Ng4+ 28. Kg1 Nxf2 29. Kxf2 Bb7 0-1

[Event "XVI Weekend B"]
[Site "Campodarsego ITA"]
[Date "2005.01.23"]
[Round "5"]
[White "Bonani, Georg"]
[Black "Demiraj, Rumi"]
[Result "0-1"]
[WhiteElo "1892"]
[BlackElo "1967"]
[PlyCount "58"]
[EventDate "2005.01.21"]

1. e4 Nf6 2. e5 Nd5 3. d4 d6 4. Nf3 c6 5. Be2 Bg4 6. O-O e6 7. Re1 Be7 8. c4
Nc7 9. Nc3 O-O 10. Bf4 d5 11. c5 b5 12. b4 a5 13. a3 a4 14. h3 Bxf3 15. Bxf3
Kh8 16. Qd2 Rg8 17. Be2 Nd7 18. Bd3 Nf8 19. Be3 f5 20. f4 g5 21. Ne2 g4 22.
hxg4 Rxg4 23. Kf1 Bh4 24. Reb1 Ne8 25. Ng1 Ng7 26. Be2 Nh5 27. Nh3 Ng3+ 28. Kg1
Nxe2+ 29. Qxe2 29... Ra7 {...} 0-1

[Event "XVI Weekend B"]
[Site "Campodarsego ITA"]
[Date "2005.01.23"]
[Round "5"]
[White "Castellano, Alfonso"]
[Black "Chiesa, Roberto"]
[Result "1-0"]
[WhiteElo "1883"]
[BlackElo "1709"]
[PlyCount "96"]
[EventDate "2005.01.21"]

1. c4 c6 2. Nf3 d5 3. e3 Nf6 4. b3 Bg4 5. Bb2 e6 6. Be2 Nbd7 7. O-O Be7 8. d4
Bxf3 9. Bxf3 O-O 10. Nd2 Qc7 11. Rc1 Qb6 12. e4 dxe4 13. Nxe4 Nxe4 14. Bxe4 Bf6
15. Rc3 g6 16. Rh3 Rfd8 17. Qa1 Nf8 18. Rf3 Bxd4 19. Qc1 Bxb2 20. Qxb2 Qd4 21.
Qb1 Rd7 22. Re3 Rad8 23. Rfe1 Qg7 24. Bd3 Rd4 25. a4 Nd7 26. b4 Nb6 27. Qb3 a6
28. a5 Nd7 29. Qa3 Qf8 30. Qc3 Qg7 31. Bf1 e5 32. b5 f6 33. bxc6 bxc6 34. c5
Rd5 35. Bc4 Nf8 36. Rd3 Qc7 37. Red1 Qb7 38. Qb3 Qxb3 39. Bxb3 Ne6 40. Bxd5
cxd5 41. Rxd5 Rc8 42. Rd6 Nxc5 43. Rc1 Rb8 44. h4 Rb5 45. Rd5 Nb3 46. Rxb5 axb5
47. Rc8+ Kf7 48. a6 Na5 1-0

[Event "XVI Weekend B"]
[Site "Campodarsego ITA"]
[Date "2005.01.23"]
[Round "5"]
[White "Cusella, Flaviano"]
[Black "Favero, Graziano"]
[Result "0-1"]
[WhiteElo "1452"]
[BlackElo "1751"]
[PlyCount "80"]
[EventDate "2005.01.21"]

1. e4 d6 2. Nf3 Nf6 3. d3 g6 4. g3 Bg7 5. Bg2 c5 6. O-O Nc6 7. c3 O-O 8. Nbd2
Qc7 9. Re1 Re8 10. Qe2 e5 11. Nf1 b5 12. Ng5 h6 13. Nf3 b4 14. Be3 bxc3 15.
bxc3 Ba6 16. Qd2 Kh7 17. h4 Ng4 18. N1h2 Nxe3 19. Qxe3 Qa5 20. Qd2 Rab8 21.
Rab1 Rb5 22. Rxb5 Qxb5 23. Bf1 Qb6 24. Ng4 h5 25. Ne3 Bh6 26. Qc2 Bxe3 27. Rxe3
Rb8 28. Re1 Qb2 29. Rc1 Qxc2 30. Rxc2 Rb1 31. Kg2 Rxf1 32. Rb2 Rd1 33. Rd2 Rxd2
34. Nxd2 Bxd3 35. f3 Na5 36. a3 Nc4 37. Nxc4 Bxc4 38. a4 d5 39. exd5 Bxd5 40.
Kf2 a5 0-1

[Event "XVI Weekend B"]
[Site "Campodarsego ITA"]
[Date "2005.01.23"]
[Round "5"]
[White "Grandesso, Emanuele"]
[Black "Baldi, Giancarlo"]
[Result "1-0"]
[WhiteElo "1729"]
[BlackElo "1760"]
[PlyCount "89"]
[EventDate "2005.01.21"]

1. c4 e5 2. Nc3 Nc6 3. d3 g6 4. Bd2 Bg7 5. Nf3 Nf6 6. g3 d6 7. Bg2 O-O 8. O-O
Re8 9. e4 h6 10. Rb1 Be6 11. b4 Ne7 12. Qc2 Nd7 13. Rb2 Rf8 14. Qc1 Kh7 15. Ne1
Rb8 16. Rb1 f5 17. f4 fxe4 18. Nxe4 Nc6 19. Nc2 exf4 20. Bxf4 Nce5 21. Qd2 Bf5
22. Nd4 Qe7 23. Nxf5 Rxf5 24. Nc3 Nb6 25. Nd5 Nxd5 26. Bxd5 Ng4 27. Rbe1 Bd4+
28. Kg2 Qg7 29. Qe2 Ne5 30. g4 Rff8 31. Be4 c6 32. g5 hxg5 33. Bxg5 Kg8 34. Bf4
Rbe8 35. Kh1 Re6 36. b5 Ref6 37. Bxe5 Bxe5 38. bxc6 Qh6 39. Rxf6 Rxf6 40. cxb7
Rf8 41. Bxg6 Qh3 42. Rg1 Kh8 43. Be4 Rb8 44. Rg2 Qh6 45. Qg4 1-0

[Event "XVI Weekend B"]
[Site "Campodarsego ITA"]
[Date "2005.01.23"]
[Round "5"]
[White "Mihalcea, Vasile"]
[Black "Caverzan, Leonardo"]
[Result "1-0"]
[WhiteElo "1661"]
[BlackElo "1482"]
[PlyCount "149"]
[EventDate "2005.01.21"]

1. e4 c5 2. Bc4 d6 3. Qh5 e6 4. Nc3 a6 5. a4 Nc6 6. Nf3 Nge7 7. Ng5 Ng6 8. f4
h6 9. O-O hxg5 10. Qd1 gxf4 11. d3 Qc7 12. Qf3 Nd4 13. Qf2 f3 14. gxf3 d5 15.
exd5 Nxf3+ 16. Kg2 Qxh2+ 17. Kxf3 Ne5+ 18. Ke2 Qxf2+ 19. Rxf2 exd5 20. Nxd5
Bg4+ 21. Kd2 Nf3+ 22. Rxf3 Bxf3 23. Nc7+ Kd7 24. Nxa8 Kc6 25. a5 f6 26. Kc3 Bd6
27. Nb6 Be5+ 28. Kb3 Rh2 29. c3 g5 30. Be3 g4 31. d4 cxd4 32. cxd4 Bg3 33. Rf1
Rh1 34. Rxf3 gxf3 35. Bd5+ Kc7 36. Bxf3 Rf1 37. Bg2 Re1 38. Ka2 f5 39. Bh3 f4
40. Bxf4+ Bxf4 41. Nd5+ Kb8 42. Nxf4 Re4 43. Ne6 Re3 44. Bf5 Rf3 45. Be4 Re3
46. Bd5 Rd3 47. Bxb7 Kxb7 48. Nc5+ Kc6 49. Nxd3 Kd5 50. Nb4+ Kxd4 51. Nxa6 Kd5
52. b4 Kc6 53. Ka3 Kb5 54. Nc7+ Kc6 55. Ne6 Kb5 56. Nd4+ Ka6 57. Ka4 Kb7 58. b5
Ka7 59. Nf5 Kb7 60. Kb4 Ka7 61. Ne7 Kb7 62. Kc5 Kc7 63. b6+ Kb7 64. a6+ Kxa6
65. Kc6 Ka5 66. b7 Kb4 67. b8=Q+ Kc4 68. Qf4+ Kc3 69. Nd5+ Kd3 70. Qe3+ Kc2 71.
Nb4+ Kb2 72. Qd3 Ka1 73. Qa3+ Kb1 74. Qb3+ Kc1 75. Qc2# 1-0

[Event "XVI Weekend B"]
[Site "Campodarsego ITA"]
[Date "2005.01.23"]
[Round "5"]
[White "Omeri, Silvan"]
[Black "Pomaro, Alberto"]
[Result "1-0"]
[WhiteElo "1600"]
[BlackElo "1757"]
[PlyCount "67"]
[EventDate "2005.01.21"]

1. e4 e6 2. d4 d5 3. exd5 Qxd5 4. c4 Qd8 5. Nf3 Nf6 6. Nc3 Bb4 7. a3 Bxc3+ 8.
bxc3 O-O 9. Bg5 b6 10. Bd3 Bb7 11. Qc2 h6 12. Bh4 Nbd7 13. Ne5 Qe8 14. O-O Nxe5
15. dxe5 Qc6 16. f3 Qc5+ 17. Bf2 Qxe5 18. f4 Qd6 19. c5 bxc5 20. Rab1 Bc6 21.
Rbd1 Qe7 22. Bh4 c4 23. Be2 Be4 24. Qxe4 Nxe4 25. Bxe7 Rfe8 26. Bf3 Nxc3 27.
Bxa8 Nxd1 28. Rxd1 Rxa8 29. Rc1 e5 30. Rxc4 exf4 31. Rxc7 a5 32. Kf2 g5 33. Rc6
Kg7 34. a4 1-0

[Event "XVI Weekend B"]
[Site "Campodarsego ITA"]
[Date "2005.01.23"]
[Round "5"]
[White "Quaranta, Gaetano"]
[Black "Menin, Massimo"]
[Result "0-1"]
[WhiteElo "1751"]
[BlackElo "1538"]
[PlyCount "96"]
[EventDate "2005.01.21"]

1. e4 c5 2. d4 cxd4 3. c3 Nc6 4. Nf3 e6 5. cxd4 Nf6 6. e5 Nd5 7. Nc3 Bb4 8. Bd2
Bxc3 9. bxc3 O-O 10. c4 Nde7 11. Bg5 Qa5+ 12. Qd2 Qxd2+ 13. Nxd2 Nf5 14. d5
Nxe5 15. dxe6 dxe6 16. Bf4 Ng6 17. Bg3 b6 18. Be2 Nd4 19. Bf3 Nxf3+ 20. Nxf3
Bb7 21. O-O Bxf3 22. gxf3 e5 23. Rfe1 f6 24. h4 h5 25. Kh1 Rac8 26. Rac1 Rc5
27. Rc2 Rfc8 28. Rec1 b5 29. Rg1 Rxc4 30. Rxc4 Rxc4 31. Bh2 Nxh4 32. Rg3 g6 33.
Rh3 Nf5 34. f4 exf4 35. Rd3 Rd4 36. Ra3 Ra4 37. Rb3 a6 38. a3 g5 39. f3 Kg7 40.
Bg1 Ng3+ 41. Kg2 h4 42. Bc5 Rc4 43. Bb4 Rc2+ 44. Kh3 Kg6 45. Rd3 Kh5 46. Rd6
Nf1 47. Bd2 Rxd2 48. Rxd2 Nxd2 0-1